[Event "European Rapid Championship 2021"]
[Site "Katowice"]
[Date "2021.12.18"]
[Round "3.29"]
[White "Opala, Natalia"]
[Black "Tworzydlo, Piotr"]
[Result "0-1"]
[WhiteElo "1066"]
[BlackElo "2152"]
[Annotator "NA"]
[PlyCount "120"]
[EventDate "2021.12.18"]
[EventType "swiss"]
[EventCountry "POL"]
[SourceTitle "playchess.com"]
[Source "ChessBase"]
[SourceQuality "1"]
[TimeControl "900+10"]

1. e4 {[%emt 0:00:03]} c6 {[%emt 0:00:04]} 2. d4 {[%emt 0:00:02]} d5 {[%emt 0:
00:02]} 3. exd5 {[%emt 0:00:03]} cxd5 {[%emt 0:00:03]} 4. Bd3 {[%emt 0:00:03]}
Nf6 {[%emt 0:00:21]} 5. Bf4 {[%emt 0:00:09]} Bg4 {[%emt 0:00:26]} 6. Nf3 {
[%emt 0:00:23]} e6 {[%emt 0:00:27]} 7. Nbd2 {[%emt 0:00:21]} Nc6 {[%emt 0:00:
13]} 8. c3 {[%emt 0:00:06]} Be7 {[%emt 0:00:39]} 9. Qc2 {[%emt 0:01:05]} Bh5 {
[%emt 0:00:24]} 10. O-O {[%emt 0:00:17]} Bg6 {[%emt 0:00:12]} 11. Rfe1 {
[%emt 0:01:09]} O-O {[%emt 0:00:15]} 12. h3 {[%emt 0:00:40]} Rc8 {[%emt 0:00:
13]} 13. Bxg6 {[%emt 0:02:13]} hxg6 {[%emt 0:00:03]} 14. a3 {[%emt 0:00:34]}
Ne8 {[%emt 0:03:14]} 15. Be5 {[%emt 0:01:10]} Nd6 {[%emt 0:00:19]} 16. Rad1 {
[%emt 0:00:35]} Nf5 {[%emt 0:00:32]} 17. Bf4 {[%emt 0:00:38]} Ncxd4 {[%emt 0:
00:26]} 18. Nxd4 {[%emt 0:00:30]} Nxd4 {[%emt 0:00:03]} 19. Qd3 {[%emt 0:00:45]
} Nc6 {[%emt 0:00:14]} 20. Nf3 {[%emt 0:00:09]} Qb6 {[%emt 0:00:20]} 21. Qc2 {
[%emt 0:00:57]} Rfd8 {[%emt 0:00:26]} 22. Be3 {[%emt 0:00:17]} Qa6 {[%emt 0:00:
37]} 23. Nd4 {[%emt 0:00:54]} Bf6 {[%emt 0:00:22]} 24. Nxc6 {[%emt 0:00:12]}
bxc6 {[%emt 0:00:15]} 25. Bf4 {[%emt 0:00:36]} c5 {[%emt 0:00:11]} 26. Be5 {
[%emt 0:00:59]} Rd7 {[%emt 0:01:22]} 27. Bxf6 {[%emt 0:00:36]} gxf6 {[%emt 0:
00:04]} 28. c4 {[%emt 0:00:16]} d4 {[%emt 0:00:09]} 29. Qd3 {[%emt 0:00:43]}
Kg7 {[%emt 0:00:15]} 30. Rc1 {[%emt 0:00:31]} Qd6 {[%emt 0:00:05]} 31. Rb1 {
[%emt 0:00:31]} Rb8 {[%emt 0:00:06]} 32. Red1 {[%emt 0:00:30]} e5 {[%emt 0:00:
08]} 33. f3 {[%emt 0:00:11]} Rdb7 {[%emt 0:00:12]} 34. Qc2 {[%emt 0:01:29]} Qc6
{[%emt 0:00:17]} 35. Kh1 {[%emt 0:00:17]} Rb3 {[%emt 0:00:13]} 36. Rd3 {
[%emt 0:00:13]} Qb7 {[%emt 0:00:17]} 37. Rxb3 {[%emt 0:00:36]} Qxb3 {[%emt 0:
00:03]} 38. Qxb3 {[%emt 0:00:03]} Rxb3 {[%emt 0:00:02]} 39. Kg1 {[%emt 0:00:11]
} f5 {[%emt 0:00:04]} 40. Kf2 {[%emt 0:00:05]} e4 {[%emt 0:00:07]} 41. Ke2 {
[%emt 0:00:21]} a5 {[%emt 0:00:10]} 42. Kd2 {[%emt 0:00:22]} a4 {[%emt 0:00:57]
} 43. Ke2 {[%emt 0:00:22]} Kf6 {[%emt 0:00:07]} 44. Kd2 {[%emt 0:00:06]} e3+ {
[%emt 0:00:21]} 45. Ke2 {[%emt 0:00:06]} f4 {[%emt 0:00:03]} 46. h4 {[%emt 0:
00:06]} d3+ {[%emt 0:00:03]} 47. Ke1 {[%emt 0:00:08]} Ke5 {[%emt 0:00:03]} 48.
Kd1 {[%emt 0:00:22]} Kd4 {[%emt 0:00:05]} 49. Ke1 {[%emt 0:00:10]} Kxc4 {
[%emt 0:00:06]} 50. Rc1+ {[%emt 0:00:06]} Kd4 {[%emt 0:00:02]} 51. Rb1 {
[%emt 0:00:03]} c4 {[%emt 0:00:11]} 52. h5 {[%emt 0:00:15]} gxh5 {[%emt 0:00:
08]} 53. Kd1 {[%emt 0:00:02]} h4 {[%emt 0:00:25]} 54. Kc1 {[%emt 0:00:09]} Rb6
{[%emt 0:00:19]} 55. Kd1 {[%emt 0:00:24]} Rg6 {[%emt 0:00:07]} 56. Ke1 {
[%emt 0:00:03]} Rxg2 {[%emt 0:00:06]} 57. Kf1 {[%emt 0:00:01]} h3 {[%emt 0:00:
06]} 58. Rc1 {[%emt 0:00:19]} e2+ {[%emt 0:00:10]} 59. Ke1 {[%emt 0:00:07]} Ke3
{[%emt 0:00:11]} 60. Rxc4 {[%emt 0:00:12]} Rg1# {[%emt 0:00:04]} 0-1

[Event "European Rapid Championship 2021"]
[Site "Katowice"]
[Date "2021.12.18"]
[Round "3.30"]
[White "Bernadskiy, Vitaliy"]
[Black "Musial, Tomasz"]
[Result "1/2-1/2"]
[WhiteElo "2616"]
[BlackElo "1916"]
[Annotator "TA"]
[PlyCount "184"]
[EventDate "2021.12.18"]
[EventType "swiss"]
[EventCountry "POL"]
[SourceTitle "playchess.com"]
[Source "ChessBase"]
[SourceQuality "1"]

{[%evp 20,184,12,-6,0,-13,0,-3,-11,-19,0,-16,34,32,100,20,22,-55,-54,-61,-64,
-35,0,-32,-36,-23,-26,-20,-29,-27,-18,-36,-33,-36,-42,-37,-46,-50,-53,-12,-57,
-54,-44,-34,-43,-74,0,0,0,0,0,0,0,0,0,0,0,0,0,0,0,0,0,0,0,0,0,0,578,260,267,
267,10150,10150,8170,8170,9966,9760,9736,8989,9189,45,10477,8,8,8,8,8,8,8,8,8,
8,8,8,8,8,0,0,0,8,8,8,0,0,0,0,0,0,0,8,8,8,8,8,0,8,0,0,0,0,0,0,0,0,0,0,0,0,0,0,
0,0,0,7,0,8,8,8,8,8,8,8,8,8,8,8,8,8,8,8,0,8,0,8,0,8,0,8,0,8,8,8,0,0,0,0]} 1. e4
e6 2. d4 d5 3. Nc3 Nf6 4. e5 Nfd7 5. f4 c5 6. Nf3 Nc6 7. Be3 a6 8. a3 cxd4 9.
Nxd4 Bc5 10. Qd2 O-O 11. O-O-O Nxd4 {C11: French: Classical System: 4 e5 and 4
Bg5 dxe4.} 12. Bxd4 b5 13. Bxc5 Nxc5 14. Qd4 Qc7 15. Kb1 {[%cal Of4f5] [#]} Bd7
$146 ({Black should play} 15... Bb7 $11) ({Predecessor:} 15... Rb8 16. h4 Qb6
17. b4 Nd7 18. Rh3 Qxd4 19. Rxd4 Nb6 20. Kb2 Bb7 21. Rg3 Bc6 {0-1 (34)
Niewiadomski,W (2530)-Pellen,M (2141) ICCF email 2009}) 16. f5 $14 Rfc8 (16...
Kh8 $14) 17. Bd3 (17. f6 $1 $16) 17... Nxd3 18. cxd3 ({White should try} 18.
Rxd3 $11 Qc4 19. Qf2) 18... exf5 $15 19. Nxd5 Qc2+ 20. Ka1 Qc5 {To avoid Ne7+}
(20... Be6 {looks sharper.} 21. Ne7+ Kh8 22. Nxc8 Rxc8 23. Qb4 Qxg2 24. Qd6 Qc2
) 21. Qxc5 (21. Nf6+ {feels hotter.} gxf6 22. Qxd7 Qxe5 23. Rhe1 Qc5 24. d4)
21... Rxc5 22. Nb6 {[%csl LRa8,LRd7]} Rd8 {aiming for ...Be8.} 23. d4 $1 Rc6
24. Nxd7 Rxd7 $11 {[%mdl 4096] Endgame KRR-KRR} 25. d5 Rc5 26. e6 fxe6 27. dxe6
Rxd1+ 28. Rxd1 $15 {[%cal Rd1d8] KR-KR} Kf8 29. Rd8+ Ke7 30. Rd7+ Kxe6 31. Rxg7
Rc2 32. h4 a5 (32... Kf6 $1 $17 {[%cal Rf6g7]} 33. Rg8 Rc4) 33. h5 $11 b4 34.
axb4 axb4 35. Ka2 Kf6 36. h6 f4 37. Kb3 Rf2 38. Rg8 Kf7 39. Rg4 Kf6 40. Rg7 Re2
41. Rg8 Kf7 42. Rg4 Rf2 43. g3 fxg3 {[%mdl 8192]} (43... Rf3+ $11 {and Black
has nothing to worry.} 44. Kxb4 fxg3) 44. Rxg3 $18 Rh2 {[#]} 45. Rg7+ $1 ({
Worse is} 45. Kxb4 Rxb2+ 46. Kc5 Rh2 $11) 45... Kf6 $2 (45... Ke6 46. Rxh7 Kf5)
46. Rxh7 Kg6 47. Rb7 Kxh6 48. Rxb4 Kg5 49. Ka3 Kf6 {[#]} 50. Rd4 $2 (50. Re4 $1
$18 Rh8 51. b4) 50... Ke5 $2 {[%mdl 8192]} (50... Rh8 $14) 51. Rd1 $2 (51. Rd8
$18 Kf6 52. b4) 51... Rh8 $11 {The position is equal.} 52. b4 {b5 is the
strong threat.} Rb8 53. Ka4 Ra8+ $1 54. Kb3 Rb8 55. Rd7 Ke6 56. Rd4 Ke5 57. Rd2
Ke6 $1 58. Rc2 Kd6 59. Rc5 Rh8 60. Ka4 Ra8+ 61. Kb5 Rb8+ $1 62. Kc4 {Hoping
for b5.} Rh8 63. Kb3 Rg8 64. Rc4 Rb8 65. Ka4 {And now b5 would win.} Kd5 66.
Rc5+ Kd6 $1 67. Rc4 {Threatens to win with b5.} Kd5 68. Kb3 Kd6 69. Rc5 Rh8 70.
Rc4 Rb8 71. Kc3 Kd5 72. Rc5+ Kd6 73. Kc4 {Strongly threatening b5.} Rh8 74. Kd4
Rh4+ 75. Kc3 Rh8 76. Kb3 Rb8 77. Ka4 Ra8+ 78. Ra5 Rb8 79. Ra6+ Kc7 80. Ka5 Rh8
81. Rg6 Kb7 82. Rg7+ Kb8 83. b5 Rh6 84. Rd7 Rg6 85. Kb4 Kc8 86. Rd5 Kb7 87. Kc5
Rh6 88. Rg5 Rf6 89. Kb4 Rh6 90. Ka5 Rf6 91. b6 Rf1 92. Rg7+ Kb8 {Black
defended with fortune.  Weighted Error Value: White=0.44/Black=0.24 (precise)}
1/2-1/2

[Event "European Rapid Championship 2021"]
[Site "Katowice"]
[Date "2021.12.18"]
[Round "3.30"]
[White "Piesik, Piotr"]
[Black "Smieszek, Wojciech"]
[Result "1-0"]
[WhiteElo "2342"]
[BlackElo "2033"]
[Annotator "ChessBase"]
[PlyCount "111"]
[EventDate "2021.12.18"]
[EventType "swiss"]
[EventCountry "POL"]
[SourceTitle "playchess.com"]
[Source "ChessBase"]
[SourceQuality "1"]
[TimeControl "900+10"]

1. Nf3 {[%emt 0:00:01]} Nf6 {[%emt 0:00:01]} 2. g3 {[%emt 0:00:01]} c5 {
[%emt 0:00:02]} 3. Bg2 {[%emt 0:00:01]} Nc6 {[%emt 0:00:01]} 4. O-O {[%emt 0:
00:01]} g6 {[%emt 0:00:01]} 5. c3 {[%emt 0:00:03]} Bg7 {[%emt 0:00:02]} 6. d4 {
[%emt 0:00:01]} cxd4 {[%emt 0:00:15]} 7. cxd4 {[%emt 0:00:01]} d5 {[%emt 0:00:
30]} 8. Nc3 {[%emt 0:00:01]} O-O {[%emt 0:00:03]} 9. Ne5 {[%emt 0:00:02]} Bf5 {
[%emt 0:00:35]} 10. Nxc6 {[%emt 0:00:05]} bxc6 {[%emt 0:00:01]} 11. Na4 {
[%emt 0:00:22]} Be4 {[%emt 0:00:24]} 12. f3 {[%emt 0:00:08]} Bf5 {[%emt 0:00:
01]} 13. Bf4 {[%emt 0:00:28]} Qa5 {[%emt 0:00:41]} 14. Rc1 {[%emt 0:00:12]}
Rac8 {[%emt 0:01:05]} 15. b3 {[%emt 0:01:09]} Nd7 {[%emt 0:01:23]} 16. Be3 {
[%emt 0:00:02]} e5 {[%emt 0:00:46]} 17. dxe5 {[%emt 0:00:43]} Nxe5 {[%emt 0:00:
03]} 18. Qd2 {[%emt 0:00:16]} Qb5 {[%emt 0:01:45]} 19. Bxa7 {[%emt 0:01:57]}
Rfe8 {[%emt 0:00:35]} 20. Rfe1 {[%emt 0:00:12]} Nc4 {[%emt 0:02:40]} 21. Qg5 {
[%emt 0:05:03]} c5 {[%emt 0:02:02]} 22. e4 {[%emt 0:00:23]} Bd4+ {[%emt 0:02:
16]} 23. Kh1 {[%emt 0:00:01]} Bf2 {[%emt 0:00:39]} 24. Re2 {[%emt 0:01:48]} Bd4
{[%emt 0:00:01]} 25. Nc3 {[%emt 0:02:25]} Bxc3 {[%emt 0:01:46]} 26. Rxc3 {
[%emt 0:00:03]} Qa5 {[%emt 0:00:06]} 27. Qc1 {[%emt 0:01:43]} Nd6 {[%emt 0:01:
28]} 28. Bxc5 {[%emt 0:00:09]} dxe4 {[%emt 0:00:02]} 29. b4 {[%emt 0:00:20]}
Qa6 {[%emt 0:00:13]} 30. Rd2 {[%emt 0:00:54]} exf3 {[%emt 0:00:06]} 31. Rxf3 {
[%emt 0:00:16]} Ne4 {[%emt 0:00:32]} 32. Ra3 {[%emt 0:00:45]} Qe6 {[%emt 0:00:
11]} 33. Re3 {[%emt 0:00:14]} Qa6 {[%emt 0:00:08]} 34. Rde2 {[%emt 0:00:12]}
Qc6 {[%emt 0:00:10]} 35. Qe1 {[%emt 0:00:07]} Qb5 {[%emt 0:00:14]} 36. Bxe4 {
[%emt 0:00:09]} Bg4 {[%emt 0:00:01]} 37. Rf2 {[%emt 0:00:31]} Rcd8 {[%emt 0:00:
12]} 38. Bf3 {[%emt 0:00:09]} Rxe3 {[%emt 0:00:10]} 39. Qxe3 {[%emt 0:00:00]}
Re8 {[%emt 0:00:02]} 40. Qc3 {[%emt 0:00:12]} Bh3 {[%emt 0:00:16]} 41. Bd5 {
[%emt 0:00:07]} Be6 {[%emt 0:00:17]} 42. Bxe6 {[%emt 0:00:03]} Rxe6 {[%emt 0:
00:01]} 43. Qf3 {[%emt 0:00:12]} Re1+ {[%emt 0:00:05]} 44. Kg2 {[%emt 0:00:00]}
Qd7 {[%emt 0:00:01]} 45. a4 {[%emt 0:00:19]} h5 {[%emt 0:00:01]} 46. h4 {
[%emt 0:00:05]} Re5 {[%emt 0:00:06]} 47. Re2 {[%emt 0:00:15]} Rf5 {[%emt 0:00:
23]} 48. Qe4 {[%emt 0:00:01]} Qd1 {[%emt 0:00:05]} 49. Rf2 {[%emt 0:00:12]}
Rxf2+ {[%emt 0:00:18]} 50. Bxf2 {[%emt 0:00:01]} Qxa4 {[%emt 0:00:02]} 51. Qf4
{[%emt 0:00:17]} Qc6+ {[%emt 0:00:03]} 52. Qf3 {[%emt 0:00:02]} Qa4 {[%emt 0:
00:05]} 53. Qe4 {[%emt 0:00:01]} Qb5 {[%emt 0:00:10]} 54. Bd4 {[%emt 0:00:20]}
Qc4 {[%emt 0:00:39]} 55. Qe8+ {[%emt 0:00:04]} Kh7 {[%emt 0:00:01]} 56. Qh8# {
[%emt 0:00:01]} 1-0

[Event "European Rapid Championship 2021"]
[Site "Katowice"]
[Date "2021.12.18"]
[Round "4.1"]
[White "Kozak, Antoni"]
[Black "Motylev, Alexander"]
[Result "0-1"]
[WhiteElo "2356"]
[BlackElo "2703"]
[Annotator "TA"]
[PlyCount "144"]
[EventDate "2021.12.18"]
[EventType "swiss"]
[EventCountry "POL"]
[SourceTitle "playchess.com"]
[Source "ChessBase"]
[SourceQuality "1"]

{[%evp 11,144,0,10,5,0,0,0,0,11,10,10,17,29,25,31,20,36,16,60,11,16,0,4,0,0,0,
12,0,10,13,0,-18,24,-14,0,-13,0,-3,0,0,0,-12,0,-15,-7,-13,-12,-36,-35,-36,-3,
-34,-21,-21,-21,-35,-21,-36,-26,-28,-12,-21,-21,-21,-21,-22,-22,-22,-8,-12,0,
-16,0,-19,-10,-10,-10,-13,-16,-9,-8,-8,0,-16,0,-3,37,49,51,43,43,21,75,39,42,
28,59,0,59,55,46,45,72,74,105,28,29,-289,-285,-287,-285,-260,-264,-992,-985,
-1173,-1093,-2281,-2472,-2700,-2333,-2560,-2095,-29961,-29963,-29975,-29969,
-29978,-29977,-29982,-29983,-29984,-29985,-29984,-29985]} 1. d4 Nf6 2. Nf3 d5
3. Bf4 c5 4. e3 Nc6 5. Nbd2 e6 6. c3 Nh5 7. Bg5 {D02: 1 d4 d5 2 Nf3 sidelines,
including 2...Nf6 3 g3 and 2...Nf6 3 Bf4.} f6 8. Bh4 {[%cal Of3e5]} g6 9. Bd3 {
[%cal Of3e5] The position is equal.} cxd4 10. cxd4 {[%cal Of3e5]} Be7 11. O-O
O-O 12. Rc1 Bd7 13. a3 Rc8 {[#]} 14. Nb3 $146 ({Predecessor:} 14. Nb1 Qb6 15.
Qe2 Na5 16. Nc3 Nc4 17. Bxc4 Rxc4 18. e4 dxe4 19. Qxc4 exf3 20. d5 fxg2 {
1-0 (54) Giri,A (2785)-So,W (2815) Chess.com INT 2017}) 14... b6 (14... Qe8 $11
) 15. Be2 (15. g4 $14 {was preferrable.} g5 16. gxh5 gxh4 17. Kh1 (17. Nxh4 f5
$14)) 15... Bd6 $11 16. Nfd2 Ng7 17. Bg3 Bxg3 18. hxg3 ({Of course not} 18.
fxg3 Nf5 19. Kf2 a5 $15) 18... Rc7 19. Rc3 Ne7 20. Rxc7 Qxc7 21. Qb1 Qb7 (21...
h5 {is superior.}) 22. Rc1 Rc8 23. Nf3 Kf7 24. Nbd2 Rxc1+ 25. Qxc1 Qc8 26. Qxc8
Nxc8 27. Kf1 Nd6 28. Bd3 h5 29. Ke2 g5 {[%cal Bg6g5,Bg5g4][%mdl 32]} 30. Nb1 g4
31. Nh4 f5 32. Nc3 Kf6 33. b3 Nge8 34. Kd2 Nc7 35. Ne2 Ncb5 36. a4 Nc7 37. Nf4
Be8 38. f3 a5 39. Kc3 Bf7 40. Be2 Nce8 41. Nd3 Nc7 42. Nf4 Nc8 43. b4 axb4+ 44.
Kxb4 Na7 45. Bd3 Nc6+ 46. Kc3 Be8 47. Kb3 Ne7 48. Be2 Bd7 49. Nxh5+ Kg5 50. Nf4
Be8 51. Nd3 Nc6 (51... b5 $11 {keeps the balance.}) 52. Nf2 {[%cal Rf3g4]} Na5+
53. Kb4 {[%cal Rf3g4]} Nc6+ 54. Kb3 (54. Ka3 $14) 54... Bh5 (54... Na5+ $11 55.
Kb4 Nc6+ 56. Kc3 Bh5) 55. Kc3 $14 Nb8 56. Nd3 Nd7 57. Kb4 Be8 58. Nf2 (58. a5
$1 $16) 58... Nf6 $11 59. Nd3 $2 {[%mdl 8192] This costs White the game.} (59.
a5 $11 {and White stays safe.} bxa5+ 60. Kxa5) 59... Nh5 $19 60. f4+ {[#]} Kh6
$1 61. Ne5 Nxg3 62. Bb5 $2 (62. Bd3) 62... Nxb5 63. axb5 {[%mdl 4096] Endgame
KBN-KNN} Kh5 64. Nhg6 Bxg6 65. Nd7 Nf1 66. Nxb6 {[#]} Be8 $1 {[%cal Oe8b5]
Strongly threatening ...Bxb5!} 67. Na8 {[#]} Bxb5 $1 {[%mdl 512] Black mates.}
68. Kxb5 (68. Nc7 Bc4) 68... Nxe3 69. g3 Nf1 70. Nc7 Nxg3 71. Nxe6 Ne4 72. Nc5
g3 {Weighted Error Value: White=0.22 (precise) /Black=0.11 (very precise)} 0-1

[Event "European Rapid Championship 2021"]
[Site "Katowice"]
[Date "2021.12.18"]
[Round "4.1"]
[White "Spalir, Jernej"]
[Black "Batashevs, Arsens"]
[Result "0-1"]
[WhiteElo "2340"]
[BlackElo "2165"]
[Annotator "NA"]
[PlyCount "100"]
[EventDate "2021.12.18"]
[EventType "swiss"]
[EventCountry "POL"]
[SourceTitle "playchess.com"]
[Source "ChessBase"]
[SourceQuality "1"]
[TimeControl "900+10"]

1. d4 {[%emt 0:00:02]} g6 {[%emt 0:03:02]} 2. c4 {[%emt 0:00:05]} Bg7 {[%emt 0:
00:01]} 3. Nf3 {[%emt 0:00:06]} d6 {[%emt 0:00:19]} 4. g3 {[%emt 0:00:03]} c5 {
[%emt 0:00:57]} 5. d5 {[%emt 0:00:09]} Nf6 {[%emt 0:00:05]} 6. Nc3 {[%emt 0:00:
07]} Na6 {[%emt 0:00:02]} 7. Bg2 {[%emt 0:00:05]} Nc7 {[%emt 0:00:02]} 8. O-O {
[%emt 0:00:03]} O-O {[%emt 0:00:12]} 9. Qc2 {[%emt 0:00:42]} a6 {[%emt 0:00:18]
} 10. b3 {[%emt 0:00:07]} b5 {[%emt 0:00:04]} 11. Bb2 {[%emt 0:00:03]} Rb8 {
[%emt 0:00:58]} 12. Rab1 {[%emt 0:00:01]} b4 {[%emt 0:00:26]} 13. Nd1 {[%emt 0:
00:49]} Bf5 {[%emt 0:00:02]} 14. Qc1 {[%emt 0:00:01]} Bxb1 {[%emt 0:00:05]} 15.
Qxb1 {[%emt 0:00:01]} a5 {[%emt 0:01:00]} 16. e4 {[%emt 0:00:05]} a4 {[%emt 0:
00:18]} 17. Ne3 {[%emt 0:00:05]} axb3 18. axb3 {[%emt 0:00:02]} Ra8 {[%emt 0:
00:36]} 19. Ne1 {[%emt 0:00:19]} Nd7 {[%emt 0:00:45]} 20. Nd3 {[%emt 0:00:06]}
Qb8 {[%emt 0:00:19]} 21. Bh3 {[%emt 0:00:31]} Ne5 {[%emt 0:00:08]} 22. Nxe5 {
[%emt 0:00:12]} Bxe5 {[%emt 0:00:08]} 23. Bxe5 {[%emt 0:00:03]} dxe5 {[%emt 0:
00:01]} 24. Qb2 {[%emt 0:00:15]} f6 25. Bd7 {[%emt 0:00:45]} Ne8 {[%emt 0:01:
34]} 26. Nc2 {[%emt 0:00:49]} Nd6 {[%emt 0:00:04]} 27. f3 {[%emt 0:00:03]} Qc7
{[%emt 0:00:31]} 28. Bc6 {[%emt 0:00:05]} Ra6 {[%emt 0:00:03]} 29. Ne1 {
[%emt 0:00:02]} Qa7 {[%emt 0:00:15]} 30. Nd3 {[%emt 0:00:18]} Ra2 {[%emt 0:00:
12]} 31. Qc1 {[%emt 0:00:01]} Ra3 {[%emt 0:00:34]} 32. Ba4 {[%emt 0:00:26]} Qa6
{[%emt 0:00:39]} 33. Kg2 {[%emt 0:00:18]} Rc8 {[%emt 0:00:20]} 34. Nb2 {
[%emt 0:00:43]} Ra2 {[%emt 0:00:03]} 35. Rf2 {[%emt 0:00:01]} Rc7 {[%emt 0:00:
34]} 36. h4 {[%emt 0:00:03]} Kg7 {[%emt 0:00:08]} 37. Rc2 {[%emt 0:00:08]} Nc8
{[%emt 0:00:04]} 38. Qb1 {[%emt 0:00:52]} Ra3 {[%emt 0:00:07]} 39. Nd3 {
[%emt 0:00:06]} Nb6 {[%emt 0:00:11]} 40. Bc6 {[%emt 0:00:05]} Qa5 {[%emt 0:02:
10]} 41. Qg1 {[%emt 0:00:02]} Ra7 {[%emt 0:02:43]} 42. Nxc5 {[%emt 0:00:03]}
Ra2 {[%emt 0:00:10]} 43. Rxa2 {[%emt 0:00:40]} Qxa2+ {[%emt 0:00:01]} 44. Kh3 {
[%emt 0:00:02]} Qe2 {[%emt 0:01:50]} 45. Na4 {[%emt 0:00:21]} Qxf3 {[%emt 0:00:
04]} 46. Kh2 {[%emt 0:00:45]} Qe2+ {[%emt 0:00:13]} 47. Qg2 {[%emt 0:00:01]}
Qxg2+ {[%emt 0:00:03]} 48. Kxg2 {[%emt 0:00:01]} Nxa4 {[%emt 0:00:00]} 49. Bxa4
{[%emt 0:00:02]} Rxa4 {[%emt 0:00:03]} 50. bxa4 {[%emt 0:00:03]} b3 {[%emt 0:
00:00]} 0-1

[Event "European Rapid Championship 2021"]
[Site "Katowice"]
[Date "2021.12.18"]
[Round "4.2"]
[White "Demchenko, Anton"]
[Black "Keinanen, Toivo"]
[Result "0-1"]
[WhiteElo "2666"]
[BlackElo "2341"]
[Annotator "TA"]
[PlyCount "130"]
[EventDate "2021.12.18"]
[EventType "swiss"]
[EventCountry "POL"]
[SourceTitle "playchess.com"]
[Source "ChessBase"]
[SourceQuality "1"]

{[%evp 16,130,16,24,24,0,27,25,30,0,0,11,13,15,41,43,68,60,44,52,48,27,27,25,
28,20,25,24,22,0,0,0,30,36,28,-45,-45,-31,-27,-111,-110,-112,-112,-152,-104,
-109,-114,-118,-118,-126,-34,-189,-193,-177,-189,-214,-200,-281,-208,-211,-206,
-388,-375,-344,-92,-97,-8,-8,-8,-8,-8,-8,-8,-8,-8,-8,-8,-8,-8,-8,-8,-26,-8,-8,
0,0,0,-9,-9,-9,-9,-9,-9,-9,-9,-29972,-9,-29972,-29973,-29977,-29967,-29966,-77,
-29971,-29972,-29972,-29968,-29968,-572,-29976,-29977,-29977,-29978,-29978,
-29979,-29979,-29979]} 1. e4 e6 2. d4 d5 3. Nc3 Nf6 4. Bg5 dxe4 5. Nxe4 Nbd7 6.
Nf3 {[%cal Bg1f3,Bf3d4,Bd4b5,Bb5d6][%mdl 32]} Be7 7. Nxf6+ Bxf6 8. h4 c5 9. Qd2
{9.dxc5 deserves study.} cxd4 {C13: French: Classical System: 4 Bg5 Be7,
Alekhine-Chatard Attack.} 10. Nxd4 O-O (10... h6 $5 {[%cal Rh6g5]} 11. Bxf6
Nxf6 $11) 11. O-O-O h6 {White has an edge.} 12. Bxf6 Nxf6 13. f3 e5 14. Nb5
Qxd2+ (14... Be6 {looks sharper.} 15. Bd3 Qb6 16. Nc3 Rfd8 17. Qe2 Nd5) 15.
Rxd2 {[#]} Bd7 $146 ({Predecessor:} 15... e4 16. Bc4 a6 17. Nd6 b5 18. Be2 exf3
19. Bxf3 Ra7 20. Nxc8 Rxc8 21. Rhd1 g5 22. hxg5 hxg5 {0-1 (42) Kovacevic,A 
(2575)-Lajthajm,B (2475) Valjevo 2011}) 16. Nd6 Bc6 $1 17. Bc4 e4 18. Re1 {
[%cal Rf3e4]} exf3 19. gxf3 Rad8 20. Re7 Rd7 21. Rxd7 Nxd7 22. Re2 Nb6 23. Bb3
Bxf3 24. Re7 {[%csl LRb7,LRf7][%cal Rb3f7]} Bd5 25. c4 {[#]} (25. Bxd5 $11 Nxd5
26. Rxb7) 25... Nc8 $1 $15 26. Re5 Bc6 27. Nf5 (27. c5 $11 {keeps the balance.}
) 27... Re8 $17 28. Rxe8+ Bxe8 {[%mdl 4096] Endgame KBN-KBN} 29. c5 b6 ({
Black should try} 29... Bd7 30. Nd4 Ne7) 30. cxb6 Nxb6 31. Nd6 Kf8 32. Kd2 f6 (
{Black should play} 32... Ke7 $17 33. Nxe8 Kxe8) 33. Ke3 $2 {[#]} (33. Nxe8 $15
Kxe8 34. h5) 33... Bd7 $1 $19 34. Ne4 {[#]} Ke7 $1 35. Nc5 g5 {[%cal Bg7g5,
Bg5h4][%mdl 32]} 36. a4 (36. Nxd7 $142 Nxd7 37. hxg5 hxg5 38. Kf2) 36... gxh4
37. a5 Nc8 38. Nxd7 $2 (38. Kf4) 38... Kxd7 {KB-KN} 39. Kf4 Kc6 $2 (39... Ne7
$19 {and Black stays clearly on top. Strongly threatening ...f5.} 40. Kg4 Nc6)
40. Kg4 $17 Kb5 (40... Ne7 $17 {Hoping for ...Kc5.} 41. Kxh4 Kd6) 41. Kxh4 $11
Nd6 42. Kh5 f5 43. Kxh6 f4 {White must now prevent ...Nc4.} 44. Bd5 Kc5 45. Bg2
Kd4 46. Kg5 Ke3 47. Kf6 Nc4 {[%csl LRa5,LRb2]} 48. b4 Kd4 49. Kg5 Ke5 50. Kg4
Ne3+ 51. Kf3 Nc2 52. b5 Nd4+ 53. Kg4 Nxb5 54. Kg5 Nd6 55. Kg6 $2 {[%mdl 8192]}
(55. a6 $11) 55... Nf5 $2 (55... Nc4 56. a6 Nd2 57. Kh5 f3 58. Bh3 f2 59. Kh6
Kf4 60. Kg7 Kg3 61. Bf5 f1=Q 62. Bh7 Qxa6 63. Bf5 Kf4 64. Bc2 Ke5 65. Bh7 Qf6+
66. Kg8 Qe7 67. Bg6 Kf6 68. Bf7 Qxf7+ 69. Kh8 Qg7#) 56. Kf7 $2 {[%mdl 8192]} (
56. Kg5 $11) 56... Nd4 57. Ke7 Nb3 58. a6 Nc5 $2 (58... Nd2 {mates} 59. Kd7 f3
60. Bxf3 Nxf3 61. Kc6 Nd2 62. Kc5 Ne4+ 63. Kc6 Nd2 64. Kb5 Ne4 65. Kc6 Nd2) 59.
Bf1 $2 {[%mdl 8192]} (59. Bb7 $17) 59... f3 {[%cal Bf4f3,Bf3f2][%mdl 32]} 60.
Bb5 f2 61. Bf1 Kd5 (61... Nb3 $142 62. Kd7 Nd2 63. Be2 f1=Q 64. Bxf1 Nxf1 65.
Kc7 Ne3 66. Kc6 Ke6 67. Kc5 Nd5 68. Kc6 Nf4 69. Kc5 Kd7 70. Kc4 Kc6 71. Kb4
Nd3+ 72. Ka4 Kb6 73. Ka3 Kxa6 74. Ka4 Kb6 75. Ka3 Kb5 76. Kb3 a5 77. Kc3 Nc5
78. Kc2 a4 79. Kd2 Kb4 80. Kc2 a3 81. Kb1 Kb3 82. Ka1 Na6 83. Kb1 Nb4 84. Kc1
a2 85. Kd1 a1=Q+ 86. Ke2 Qf6 87. Ke3 Qf5 88. Kd2 Qf2+ 89. Kd1 Nc2 90. Kc1 Qe1#)
62. Be2 Kc6 {Black mates.} 63. Kf6 Ne4+ 64. Ke5 Ng3 65. Bd3 Kb6 {Weighted
Error Value: White=0.61/Black=0.63} 0-1